Normal view
MARC view
- Fish, J.
Entry Personal Name
001 - CONTROL NUMBER
- control field: 35572
003 - CONTROL NUMBER IDENTIFIER
- control field: NUST
005 - DATE AND TIME OF LATEST TRANSACTION
- control field: 20210112111552.0
008 - FIXED-LENGTH DATA ELEMENTS
- fixed length control field: 210112|| aca||aabn | a|a d
040 ## - CATALOGING SOURCE
- Original cataloging agency: NUST
- Transcribing agency: NUST
100 ## - HEADING--PERSONAL NAME
- Personal name: Fish, J.
- Fuller form of name: (Jacob)
670 ## - SOURCE DATA FOUND
- Source citation: Work cat.: (NUST)0: Fish, J. (Jacob), A first Course in Finite Elements , c2007.
